000 01277nam a2200397 i 4500
003 EG-GICUC
005 20260121101740.0
008 260119s1918 uk ||||fr|||| 000 0 eng d
040 _aEG-GiCUC
_beng
_cEG-GiCUC
_dEG-GiCUC
_erda
041 _aeng
082 0 4 _221
_a341.9
_bAN . E
092 0 4 _221
099 _aLaw1 11 341.9 AN . E 1918
100 1 _a. Anderson, G
_eAuthor.
245 1 4 _aThe Expansion Of British India (1818-1858)
_cG. Anderson, M. Subedar.
250 _a2 ed
264 1 _aLondon :
_b G. Bell & Sons, Ltd
_c1918.
264 1 _aNew York :
_b The Macmillan Co,
_c1918.
264 1 _a Bombay :
_b A. H. Wheeler & Co,
_c1918.
300 _a196 pages,
_c24 cm
_billustrations,
336 _2rda content
_atext
337 _2rda media
_aComputer
338 _2rda carrier
_aOnline Resource
504 _aBibliography: pages 200-205.
546 _aText in English
650 1 4 _aDroit international
_2qrmak
_v(International law)
650 1 4 _aTerritoires non autonomes
650 1 4 _aÉtats souverains
650 1 4 _a Histoire
650 1 4 _aPublic international law
_2qrmak
651 1 _2qrmak
700 1 _a Subedar, M.
_eAnnotator.
856 4 0 _uhttps://fll.law.cu.edu.eg/fulltext/bks/B11-06658.pdf
905 _a79
942 _2ddc
_cBK
_e21
_n0
999 _c57813
_d57813